| 000 | 00812cam a22002054a 4500 | ||
|---|---|---|---|
| 005 | 20250605164031.0 | ||
| 008 | 250528s ||||||||||||||||||||||||d | ||
| 035 | _a16639 | ||
| 020 | _a571192009 | ||
| 040 |
_aGR-AtMCL _bgre _dGR-AtMCL _eAACR2 |
||
| 245 | 1 | _aAudacity's Song / A Ghost Story | |
| 250 | _a1st | ||
| 260 |
_bFaber And Faber, _c1998 |
||
| 300 | _a184 | ||
| 520 | _aA brilliant multi-layered narrative which explores notions of memory and the disintegration of the past, Audacity's Song comfirms Jeremy Poolman as a highly distinctive and darkly comic new voice. Country singer Billy Songhurst and Audacity Vine have made a promise to each other - that they will always be together on Christmas Day. | ||
| 700 | 1 |
_aPoolman Jeremy _92722 |
|
| 942 | _cBK | ||
| 999 |
_c2117 _d2117 |
||